Flugziele vom Frankfurter Flughafen - Statistiken

Allgemein
  • Dieses Quiz wurde 1.583 mal gespielt
  • Das Durchschnittsergebnis liegt bei 148 aus 296
Antwortstatistiken
Land Flughafencodes Flugziel % Korrekt
Deutschland BER Berlin
99%
Deutschland HAM Hamburg
99%
Vereinigtes Königreich LCY London city
99%
Vereinigtes Königreich LGW London Gatwick
99%
Vereinigtes Königreich LHR London Heathrow
99%
Deutschland MUC München
99%
Österreich VIE Wien
99%
Niederlande AMS Amsterdam
98%
Spanien MAD Madrid
98%
Schweiz ZRH Zürich
98%
Belgien BRU Brüssel
97%
Türkei IST Istanbul
97%
Türkei SAW Istanbul (Sabiha)
97%
Frankreich CDG Paris
97%
Spanien BCN Barcelona
96%
Portugal LIS Lissabon
96%
Polen WAW Warschau
96%
Irland DUB Dublin
95%
Dänemark CPH Kopenhagen
95%
Vereinigte Staaten von Amerika JFK New York City
95%
Griechenland ATH Athen
94%
Deutschland DUS Düsseldorf
94%
Vereinigte Staaten von Amerika EWR New York
94%
Norwegen OSL Oslo
94%
Deutschland DRS Dresden
93%
Finnland HEL Helsinki
93%
Luxemburg LUX Luxemburg-Stadt
93%
Spanien PMI Palma de Mallorca
93%
Tschechien PRG Prag
93%
Schweiz BSL Basel Mulhouse Freiburg
92%
Ungarn BUD Budapest
92%
Vereinigte Arabische Emirate DXB Dubai
91%
Italien FCO Rom (Fiumicino)
91%
Kroatien ZAG Zagreb
91%
Deutschland BRE Bremen
90%
Polen KRK Krakau
90%
Deutschland NUE Nürnberg
90%
Türkei AYT Antalya
89%
Italien LIN Mailand (Linate)
89%
Italien MXP Mailand (Malpensa)
89%
Italien VCE Venedig Marco Polo
89%
Vereinigtes Königreich MAN Manchester
88%
Bulgarien SOF Sofia
88%
Italien FLR Florenz
87%
Schweiz GVA Genf
87%
Schweden ARN Stockholm (Arlanda)
87%
Vereinigte Staaten von Amerika LAX Los Angeles
86%
China PEK Peking
86%
Kap Verde SID Sal, Kap Verde
86%
Deutschland STR Stuttgart
86%
Deutschland LEJ Leipzig
85%
Frankreich NCE Nizza
85%
Österreich SZG Salzburg
84%
Singapur SIN Singapur
84%
Ägypten CAI Kairo
83%
Israel TLV Tel Aviv-Jaffa
83%
Katar DOH Doha
82%
Serbien BEG Belgrad
81%
Österreich GRZ Graz
81%
Japan HND | NRT Tokio
81%
Österreich INN Innsbruck
80%
Frankreich LYS Lyon
80%
Italien NAP Neapel
80%
Lettland RIX Riga
80%
Südkorea ICN Seoul
80%
Kanada YYZ Toronto
80%
Vereinigte Staaten von Amerika ATL Atlanta
78%
Thailand BKK Bangkok
78%
Vereinigte Staaten von Amerika SFO San Francisco
78%
Tunesien TUN Tunis
78%
Vereinigte Staaten von Amerika BOS Boston
77%
Frankreich MRS Marseille
77%
Indien DEL Neu-Delhi
77%
Deutschland HAJ Hannover
75%
China HKG Hongkong
75%
Vereinigte Staaten von Amerika MIA Miami
75%
Portugal OPO Porto
75%
Griechenland RHO Rhodos
75%
Vereinigte Staaten von Amerika SEA Seattle/Tacoma
75%
Spanien VLC Valencia
75%
Vereinigtes Königreich EDI Edinburgh
74%
Österreich LNZ Linz
74%
Estland TLL Tallinn
74%
Rumänien OTP Bukarest
73%
Spanien IBZ Ibiza-Stadt
73%
Malta MLA Malta
73%
Mexiko MEX Mexiko-Stadt
73%
Vereinigte Staaten von Amerika DEN Denver
72%
Vereinigtes Königreich GLA Glasgow
72%
Vereinigte Staaten von Amerika BWI Baltimore-Washington
71%
Italien TRN Turin
71%
Vereinigte Staaten von Amerika LAS Las Vegas
70%
Italien PSA Pisa
70%
Vereinigte Staaten von Amerika IAD Washington
70%
Libanon BEY Beirut
69%
Vereinigtes Königreich BHX Birmingham
69%
Vereinigte Staaten von Amerika ORD Chicago
69%
Vietnam HAN Hanoi
67%
Frankreich TLS Toulouse
67%
Algerien ALG Algier
66%
Schweden GOT Göteborg
66%
Südafrika CPT Kapstadt
66%
Slowenien LJU Ljubljana
66%
Vereinigte Staaten von Amerika PHL Philadelphia
66%
Albanien TIA Tirana
66%
Kanada YVR Vancouver
66%
Türkei ESB Ankara
65%
Südafrika JNB Johannesburg
65%
Kuwait KWI Kuwait-Stadt
65%
Vereinigte Staaten von Amerika MCO Orlando
64%
China PVG Shanghai
64%
Taiwan TPE Taipeh
64%
Vereinigte Arabische Emirate AUH Abu Dhabi
63%
Kolumbien BOG Bogotá
63%
Griechenland HER Heraklion
63%
Nordmazedonien SKP Skopje
63%
Kroatien SPU Split
63%
Griechenland CFU Korfu
62%
Indien BOM Mumbai
62%
Litauen VNO Vilnius
62%
Vereinigte Staaten von Amerika DFW Dallas-Fort Worth
61%
Spanien FUE Fuerteventura
61%
Kenia NBO Nairobi
61%
Bahrain BAH Bahrain-Insel
60%
Kroatien DBV Dubrovnik
60%
Island KEF Reykjavik (Keflavik)
60%
Italien VRN Verona
60%
Bosnien und Herzegowina SJJ Sarajevo
59%
Argentinien EZE Buenos Aires
58%
Vereinigte Staaten von Amerika PHX Phoenix
57%
Frankreich BOD Bordeaux
56%
Kuba HAV Havanna
56%
Jordanien AMM Amman
55%
Spanien BIO Bilbao
55%
Vereinigte Staaten von Amerika DTW Detroit
55%
Saudi-Arabien RUH Riad
55%
Namibia WDH Windhoek
55%
Spanien ALC Alicante
53%
Portugal FAO Faro
53%
Malediven MLE Malé
53%
Norwegen BGO Bergen
52%
Polen GDN Danzig
52%
Vereinigte Staaten von Amerika IAH Houston
52%
Ägypten HRG Hurghada
52%
Italien PMO Palermo
52%
Brasilien GRU São Paulo
52%
Marokko CMN Casablanca
51%
Vereinigtes Königreich LPL Liverpool
51%
Vereinigte Staaten von Amerika AUS Austin
50%
Mexiko CUN Cancún
50%
Spanien LPA Gran Canaria (Las Palmas)
50%
Nigeria LOS Lagos
50%
Spanien AGP Málaga
50%
Polen POZ Posen
50%
Äthiopien ADD Addis Abeba
49%
Kanada YUL Montreal
49%
Spanien SVQ Sevilla
49%
Iran IKA Teheran
49%
Italien BLQ Bologna
48%
Mauritius MRU Mauritius
48%
Frankreich NTE Nantes
47%
Spanien TFS Teneriffa (Reine Sofia)
47%
Kosovo PRN Pristina
46%
Aserbaidschan GYD Baku
44%
Deutschland FDH Friedrichshafen
44%
Mongolei UBN Ulaanbaatar
44%
Dänemark BLL Billund
43%
Kasachstan NQZ Astana
42%
Italien CTA Catania
42%
Griechenland SKG Thessaloniki
42%
Georgien TBS Tiflis
42%
Portugal FNC Funchal (Madeira)
41%
Polen KTW Katowice
41%
Türkei ADB Izmir
40%
Deutschland FMO Münster/Osnabrück
39%
Frankreich RNS Rennes
39%
Vereinigtes Königreich BRS Bristol
38%
Rumänien CLJ Cluj-Napoca
38%
Polen WRO Breslau
37%
Vereinigtes Königreich NCL Newcastle
37%
Armenien EVN Jerewan
36%
Italien CAG Cagliari (Sardinien)
35%
Marokko RAK Marrakesch
35%
Kanada YYC Calgary
34%
Sri Lanka CMB Colombo
34%
Oman MCT Maskat
34%
Usbekistan TAS Taschkent
34%
Türkei ADA Adana
33%
Moldawien KIV Chişinău
33%
Grenada GND Grenada
33%
Vereinigte Staaten von Amerika TPA Tampa
33%
Italien TRS Triest
33%
Kroatien ZAD Zadar
33%
Italien BRI Bari
32%
Tunesien DJE Djerba
32%
Griechenland KGS Kos
32%
Vereinigte Staaten von Amerika CLT Charlotte
31%
Norwegen SVG Stavanger
31%
Dominikanische Republik PUJ Punta Cana
30%
Vereinigte Staaten von Amerika ANC Anchorage
29%
Kenia MBA Mombasa
29%
Italien OLB Olbia (Sardinien)
29%
Vereinigte Staaten von Amerika SJO San José
29%
Vereinigtes Königreich BHD Belfast City
27%
Kroatien RJK Rijeka
27%
Dominikanische Republik SDQ Santo Domingo
27%
Frankreich SXB Straßburg
27%
Deutschland GWT Westerland/Sylt
27%
Nigeria ABV Abuja
26%
Spanien MAH Menorca (Mahon)
26%
Marokko AGA Agadir
25%
Kasachstan ALA Almaty
25%
Indien BLR Bangalore
25%
Irland ORK Cork
25%
Zypern LCA Larnaka
25%
Angola LAD Luanda
25%
Montenegro TGD Podgorica
25%
Vietnam SGN Ho-Chi-Minh-Stadt
24%
Spanien ACE Lanzarote (Arecife)
23%
Norwegen TOS Tromsø
23%
Bulgarien VAR Warna
23%
Kroatien PUY Pula
22%
Turkmenistan ASB Aşgabat
21%
Saudi-Arabien JED Dschidda
21%
Kanada YEG Edmonton
21%
Tansania ZNZ Sansibar
21%
Indien HYD Hyderabad
20%
Vereinigte Staaten von Amerika MSP Minneapolis
20%
Frankreich MPL Montpellier
20%
Vereinigte Staaten von Amerika PDX Portland
20%
Vereinigte Staaten von Amerika SLC Salt Lake City
20%
Vereinigte Staaten von Amerika STL St. Louis
20%
China CAN Guangzhou
19%
Griechenland JMK Mykonos
18%
Japan NGO Nagoya
18%
Griechenland JTR Santorini
18%
Indien MAA Chennai
17%
Irak EBL Erbil
17%
Türkei GZT Gaziantep
17%
Kanada YHZ Halifax
17%
Griechenland CHQ Chania (Kreta)
16%
Türkei DLM Dalaman
16%
Frankreich BIQ Biarritz
14%
Türkei BJV Bodrum
14%
Barbados BGI Bridgetown
14%
Rumänien TSR Timişoara
14%
Griechenland ZTH Zakynthos
14%
Bulgarien BOJ Burgas
13%
China TFU Chengdu
12%
Türkei TZX Trabzon
12%
Ägypten RMF Marsa Alam
10%
Trinidad und Tobago TAB Tobago
10%
Kap Verde BVC Boa Vista
9%
Tunesien MIR Monastir
9%
Kuba VRA Varadero
9%
Deutschland HDF Heringsdorf
8%
Spanien XRY Jerez de la Frontera
8%
Griechenland KVA Kavala
8%
Jamaika MBJ Montego Bay
8%
Marokko NDR Nador
8%
China NKG Nanjing
8%
Portugal PDL Ponta Delgada
8%
Ägypten SSH Sharm El Sheikh
8%
Griechenland JSI Skiathos
8%
Frankreich BIA Bastia (Korsika)
7%
Türkei ASR Kayseri
7%
Dominikanische Republik LRM La Romana
7%
Dominikanische Republik POP Puerto Plata
7%
Spanien SCQ Santiago de Compostela
7%
Montenegro TIV Tivat
7%
Türkei DIY Diyarbakır
6%
Frankreich FDF Fort-de-France
6%
Vereinigte Staaten von Amerika RSW Fort Myers
6%
Italien SUF Lamezia Terme
6%
Griechenland SMI Samos
6%
Türkei SZF Samsun
6%
Vereinigte Staaten von Amerika FAI Fairbanks
5%
Kuba HOG Holguín
5%
Finnland IVL Ivalo
5%
Griechenland KLX Kalamata
5%
Schweden KLR Kalmar
5%
Griechenland EFL Kefalonia
5%
Nigeria PHC Port Harcourt
5%
China SHE Shenyang
5%
Kanada YXY Whitehorse
5%
Spanien OVD Asturias
4%
Ägypten SPX Giza
4%
Norwegen EVE Harstad-Narvik
4%
Seychellen SEZ Mahé
4%
Griechenland PVK Preveza/Lefkas
4%
Türkei EZS Elazığ
3%
Kasachstan URA Oral (Uralsk)
3%
Griechenland GPA Araxos (Patras)
2%
Finnland KAO Kuusamo
2%
Spanien SPC Santa Cruz de la Palma
2%
Keine übereinstimmenden Quizze gefunden
Verteilung der Resultate
Anzahl Personen mit jedem Resultat
Perzentil nach korrekt beantworteten Fragen
Ihre Resultats-Entwicklung
Sie haben dieses Quiz noch nicht gespielt